000 00690nam a2200265Ia 4500
003 OSt
005 20221006145449.0
006 a|||||r|||| 00| 0
007 ta
008 221006b |||||||| |||| 00| 0 eng d
020 _a7119012134
_c
_5.95 (each)
020 _a9787119012131
024 _a14,906
037 _cTextual
040 _aEASL
_cEASL
_beng
041 _2eng
_aeng
082 _aO41,3K,1, K4;L3;1
100 _aCHING TZU Wu
_966002
245 0 _aScholars
260 _aPeking
_bForeign Languages Press China
_c1964
300 _a721p.
_ccm.
650 _aCEL
942 _hO41,3K,1, K4;L3;1
_cTEXL
_2CC
999 _c1082992
_d1082992